| 000 | 00537nam a22001817a 4500 | ||
|---|---|---|---|
| 003 | OSt | ||
| 005 | 20140310181838.0 | ||
| 008 | 130708t xxu||||| |||| 00| 0 eng d | ||
| 020 | _a9710817760 | ||
| 050 |
_aPL 6056 _b.D321 1968 |
||
| 082 |
_aREF 499.211 _bD36 1968 |
||
| 100 | _aDe Guzman, Maria Odolio. | ||
| 245 |
_aThe new Filipino-English English-Filipino dictionary / _cMaria Odulio De Guzman. |
||
| 260 |
_aMandaluyong City : _bNational Book Store, _c1968. |
||
| 300 |
_a195 p. ; _c17 cm. |
||
| 942 |
_2lcc _cBK |
||
| 999 |
_c4790 _d4790 |
||